000 00504nam a2200169Ia 4500
003 OSt
005 20200929130155.0
008 190216s9999||||xx |||||||||||||| ||und||
040 _coclc
082 _a596
_bJAJ/T
100 _aJajurley, D S
_95147
245 0 _aText Book Of Invertebrate Zoology /
_cD S Jajurley ; P G Puranik ; R S Thakur
260 _bS Chand & Company,
_c1989.
_aNew Delhi:
300 _a400p
650 _aZoology
942 _cBK
_2ddc
_h596
_iJAJ/T
_k596
_mJAJ/T
999 _c37430
_d37430